El teatro Argentino I. (Registro nro. 1408)
[ vista simple ]
| 000 -CABECERA | |
|---|---|
| fixed length control field | 00709nam a22002297a 4500 |
| 003 - CONTROL NUMBER IDENTIFIER | |
| control field | AR-BeUNQ |
| 005 - FECHA Y HORA DE LA ULTIMA TRANSACCION | |
| control field | 20251027173423.0 |
| 008 - ELEMENTOS DE LONGITUD FIJA-INFORMACION GENERAL | |
| fixed length control field | 251027b |||||||| |||| 00| 0 spa d |
| 020 ## - NUMERO INTERNACIONAL NORMALIZADO PARA LIBROS | |
| Número Internacional Normalizado del libro | 978950165150 |
| 040 ## - FUENTE DE CATALOGACION | |
| Agencia de catalogación original | AR-BeUNQ |
| Idioma de catalogación | ESPAÑOL |
| Agencia que realiza la transcripción | AR-BeUNQ |
| Convenciones de la descripción | aacr |
| 082 ## - NUMERO DE CLASIFICACION DECIMAL DEWEYMBER | |
| Número de la edición | 21 |
| Número de clasificación | A 862 VIE |
| 100 ## - ASIENTO PRINCIPAL-NOMBRE PERSONAL | |
| Nombre personal | Vieytes, Carlos |
| Títulos u otras palabras asociadas al nombre | autor |
| Término relacionador | aut. |
| 245 #1 - MENCION DE TITULO | |
| Título | El teatro Argentino I. |
| Mención de responsabilidad, etc | Carlos Vieytes, comp. |
| Medio físico | libro. |
| 250 ## - MENCION DE EDICION | |
| Mención de edición | 1a.ed. |
| 260 ## - PUBLICACION, DISTRIBUCION, ETC. | |
| Lugar de publicación, distribución, etc. | Buenos Aires : |
| Nombre del editor, distribuidor, etc. | Troquel, |
| Fecha de publicación, distribución, etc | 2013 |
| 300 #1 - DESCRIPCION FISICA | |
| Extensión | 160 p. ; |
| Dimensiones | 20x13 cm |
| 490 ## - MENCION DE SERIE | |
| Mención de serie | ¡Viva la tinta! |
| 650 ## - ASIENTO SECUNDARIO DE MATERIA - TERMINO TEMATICO | |
| Fuente del encabezamiento o términ | tell. |
| Término temático o nombre geográfico como elemento de entrada | Teatro. |
| 651 ## - ASIENTO SECUNDARIO DE MATERIA - NOMBRE GEOGRAFICO | |
| Fuente del encabezamiento o término | unescot. |
| Nombre geográfico | Argentina |
| 929 ## - DATOS DE ADQUISICION | |
| Procedencia | DONACION |
| Proveedor | Ministerio de Educación de la Nación |
| Orden de compra | 0 |
| Precio | 0 |
| Fecha de recibido | 12/10/2021 |
| Patrimonio UNQ | PAT 00833030 |
| Número de inventario | 63582 |
| 942 ## - ELEMENTOS DE PUNTO DE ACCESO ADICIONAL (KOHA) | |
| Tipo de ítem Koha | Libros |
| Estado de retiro | Estado de pérdida | Ubicación permanente | Ubicación actual | Ubicación en estantería | Fecha de ingreso | Total Checkouts | Signatura topográfica completa | Inventario | Date last seen | Tipo de ítem Koha | Operador |
|---|---|---|---|---|---|---|---|---|---|---|---|
| Biblioteca ESET - UNQ | Biblioteca ESET - UNQ | CIRCULACION | 27/10/2025 | A 862 VIE | 63582 | 27/10/2025 | Libros | Gladys Alarcon |